Normal view
MARC view
Entry Personal Name
001 - CONTROL NUMBER
- control field: 71696
003 - CONTROL NUMBER IDENTIFIER
- control field: dpl
005 - DATE AND TIME OF LATEST TRANSACTION
- control field: 20240913155759.0
008 - FIXED-LENGTH DATA ELEMENTS
- fixed length control field: 240913|| aca||aabn | a|a d
040 ## - CATALOGING SOURCE
- Original cataloging agency: dpl
- Transcribing agency: dpl
100 ## - HEADING--PERSONAL NAME
- Personal name: Mishra Vivek
670 ## - SOURCE DATA FOUND
- Source citation: Work cat.: (dpl)204431: Mishra Vivek, Covid -19 and Post Covid-19 Indian Diplomacy/ , 2022
